Cánh đồng bất tận : Tập truyện ngắn

Tallennettuna:
Bibliografiset tiedot
Päätekijä: Nguyễn, Ngọc Tư
Aineistotyyppi: Kirja
Kieli:Undetermined
Julkaistu: Thành phố Hồ Chí Minh Trẻ 2016
Aiheet:
Tagit: Lisää tagi
Ei tageja, Lisää ensimmäinen tagi!
Thư viện lưu trữ: Trung tâm Học liệu Trường Đại học Cần Thơ
LEADER 00656nam a2200217Ia 4500
001 CTU_207838
008 210402s9999 xx 000 0 und d
020 |c 55000 
082 |a 895.92234 
082 |b T550 
100 |a Nguyễn, Ngọc Tư 
245 0 |a Cánh đồng bất tận : 
245 0 |b Tập truyện ngắn 
245 0 |c Nguyễn Ngọc Tư 
260 |a Thành phố Hồ Chí Minh 
260 |b Trẻ 
260 |c 2016 
650 |a Vietnamese fiction,Tiểu thuyết Việt Nam 
650 |y 21st century,Thế kỷ 21 
904 |i Hải 
980 |a Trung tâm Học liệu Trường Đại học Cần Thơ